Identification du coefficient de proportionnalité entre le taux de l'hémoglobine et la mesure de l'hématocrite dans les pathologies les plus dominantes en République du Bénin chez les personnes agées de 0 à 18ans: Cas des départements de l'Atacora et de la Donga (A propos de 1018 cas ) (Record no. 48459)
[ view plain ]
| 000 -LEADER | |
|---|---|
| fixed length control field | 00854nam a22002057a 4500 |
| 003 - CONTROL NUMBER IDENTIFIER | |
| control field | 0 |
| 005 - DATE AND TIME OF LATEST TRANSACTION | |
| control field | 20160609170152.0 |
| 008 - FIXED-LENGTH DATA ELEMENTS--GENERAL INFORMATION | |
| fixed length control field | 101208t xxu||||| |||| 00| 0 eng d |
| 040 ## - SOURCE DU CATALOGAGE | |
| Original cataloging agency | BUAC |
| Transcribing agency | BEPAC |
| 100 ## - VEDETTE PRINCIPALE - NOM DE PERSONNE | |
| Personal name | Atiogbe , Gélase K. |
| 9 (RLIN) | 11932 |
| 130 ## - VEDETTE PRINCIPALE - TITRE UNIFORME | |
| Language of a work | fr |
| 9 (RLIN) | 11933 |
| 245 ## - TITLE STATEMENT | |
| Title | Identification du coefficient de proportionnalité entre le taux de l'hémoglobine et la mesure de l'hématocrite dans les pathologies les plus dominantes en République du Bénin chez les personnes agées de 0 à 18ans: Cas des départements de l'Atacora et de la Donga (A propos de 1018 cas ) |
| 260 ## - PUBLICATION, DISTRIBUTION, ETC. (IMPRINT) | |
| Place of publication, distribution, etc | UAC-EPAC |
| Name of publisher, distributor, etc | UAC-EPAC |
| Date of publication, distribution, etc | 2006-2007 |
| 300 ## - PHYSICAL DESCRIPTION | |
| Extent | X-89p. |
| 650 ## - SUBJECT ADDED ENTRY--TOPICAL TERM | |
| Topical term or geographic name as entry element | IDENTIFICATION |
| Topical term following geographic name as entry element | HEMOGLOBINE |
| 9 (RLIN) | 11934 |
| 650 ## - SUBJECT ADDED ENTRY--TOPICAL TERM | |
| Topical term or geographic name as entry element | IDENTIFICATION |
| Topical term following geographic name as entry element | HEMOGLOBINE |
| 9 (RLIN) | 11935 |
| 650 ## - SUBJECT ADDED ENTRY--TOPICAL TERM | |
| Topical term or geographic name as entry element | PATHOLOGIE |
| Topical term following geographic name as entry element | PERSONNES AGEES |
| 9 (RLIN) | 11936 |
| 700 ## - ADDED ENTRY--PERSONAL NAME | |
| Personal name | Gbedevi, Mirabelle A.C |
| 9 (RLIN) | 11937 |
| 942 ## - ADDED ENTRY ELEMENTS (KOHA) | |
| Koha item type | Thèse et Memoire |
| Withdrawn status | Lost status | Damaged status | Not for loan | Location (home branch) | Sublocation or collection (holding branch) | Date acquired | Source of acquisition | Koha issues (times borrowed) | Koha full call number | Piece designation (barcode) | Koha date last seen | Copy number | Price effective from | Koha item type |
|---|---|---|---|---|---|---|---|---|---|---|---|---|---|---|
| Bibliothèque Ecole Polytechnique d'Abomey-Calavi | Bibliothèque Ecole Polytechnique d'Abomey-Calavi | 08/12/2010 | Dépot légal | 26/ABM/ATI | R16178EPAC | 08/12/2010 | 26/ABM/ATI | 08/12/2010 | Thèse et Memoire | |||||
| Bibliothèque Ecole Polytechnique d'Abomey-Calavi | Bibliothèque Ecole Polytechnique d'Abomey-Calavi | 08/12/2010 | Dépot légal | 26/ABM/ATI | 08/12/2010 | 2 | 08/12/2010 | Thèse et Memoire |